Managerial accounting / (Record no. 71676)

MARC details
000 -LEADER
fixed length control field 01012nam a22002897a 4500
005 - DATE AND TIME OF LATEST TRANSACTION
control field 20121127123943.0
008 - FIXED-LENGTH DATA ELEMENTS--GENERAL INFORMATION
fixed length control field 121127t xxu||||| |||| 00| 0 eng d
010 ## - LCCN (DPL NO)
LC control number ENG-106317
020 ## - INTERNATIONAL STANDARD BOOK NUMBER
International Standard Book Number 9781259028526
Terms of availability 599.00
020 ## - INTERNATIONAL STANDARD BOOK NUMBER
International Standard Book Number 1259028526
Terms of availability 599.00
035 ## - SYSTEM CONTROL NUMBER
System control number EN-89850
037 ## - SOURCE OF ACQUISITION
Source of stock number/acquisition DBAD / PUB
040 ## - CATALOGING SOURCE
Original cataloging agency DPL
Language of cataloging Eng
082 ## - DEWEY DECIMAL CLASSIFICATION NUMBER
Classification number 658.1511
100 ## - MAIN ENTRY--PERSONAL NAME
Personal name Garrison, Ray H.
9 (RLIN) 53881
245 ## - TITLE STATEMENT
Title Managerial accounting /
Statement of responsibility, etc by Ray H. Garrison, Eric W. Noreen [and] Peter C. Brewer
250 ## - EDITION STATEMENT
Edition statement 13th ed
260 ## - PUBLICATION, DISTRIBUTION, ETC. (IMPRINT)
Place of publication, distribution, etc New Delhi
Name of publisher, distributor, etc Tata McGraw-Hill
Date of publication, distribution, etc 2010
270 ## - ADDRESS
Address 7 West Patel Nagar
City New Delhi
Postal code 110008
300 ## - PHYSICAL DESCRIPTION
Extent xxvii,804p. :
Dimensions 26cm(pbk)
Other physical details ill.
500 ## - GENERAL NOTE
General note Includes index
650 ## - SUBJECT ADDED ENTRY--TOPICAL TERM
Topical term or geographic name as entry element Managerial accounting.
9 (RLIN) 53882
700 ## - ADDED ENTRY--PERSONAL NAME
Personal name Noreen, Eric W.
9 (RLIN) 53883
700 ## - ADDED ENTRY--PERSONAL NAME
Personal name Brewer, Peter C.
9 (RLIN) 53884
942 ## - ADDED ENTRY ELEMENTS (KOHA)
Source of classification or shelving scheme Dewey Decimal Classification
Item type English Books
Classification part 658.1511
Call number suffix GAR
Holdings
Withdrawn status Lost status Source of classification or shelving scheme Damaged status Not for loan Collection code Home library Current library Date acquired Cost, normal purchase price Total Checkouts Full call number Barcode Date last seen Cost, replacement price Koha item type
    Dewey Decimal Classification     Non-fiction D.B.Act.Division D.B.Act.Division 27/11/2012 599.00   658.1511 GAR EN-89850 27/11/2012 599.00 English Books

© Delhi Public Library
Hit Counter
free hit counter